000 00600nam a22001577a 4500
003 OSt
005 20151106091103.0
008 151106b xxu||||| |||| 00| 0 eng d
040 _cRUA
082 _aFOR YIM 1997 B124 Or.1
100 _93429
_aYIM, LA.
245 _athe factors limiting the effectiveness of the forestry section pursat department of agriculture (កត្តាកំណត់ប្រសិទ្ធិភាពវេស័យព្រៃឈើនៅខេត្តពោធិ៍សាត់)
260 _aPhnom Penh
_bRUA
_c1997
300 _a56p.
_bill.
_c29cm.
942 _2ddc
_cFOR
999 _c3199
_d3199